Statistiques concernant Pays d'Asie - Drapeau

Cliquez ici pour prendre le quiz!

Statistiques générales

  • Ce quiz a été pris 166 fois
  • Le résultat moyen est 31 sur 42

Statistiques - réponses

Réponse% Correct
Japon
100%
Arabie Saoudite
91%
Corée Du Sud
91%
Inde
89%
Chine
88%
Liban
88%
Israël
87%
Népal
87%
Cambodge
86%
Vietnam
86%
Corée Du Nord
84%
Iran
84%
Qatar
84%
Pakistan
80%
Syrie
79%
Thaïlande
79%
Bangladesh
77%
Arménie
76%
Indonésie
76%
Sri Lanka
76%
Irak
75%
Laos
74%
Malaisie
74%
Bhoutan
72%
Taïwan
72%
Philippines
70%
Singapour
70%
Turkménistan
68%
Ouzbekistan
67%
Bahreïn
65%
Émirats Arabes Unis
63%
Jordanie
63%
Mongolie
63%
Birmanie/Myanmar
61%
Yémen
61%
Brunei
59%
Maldives
58%
Afghanistan
57%
Kirghizistan
57%
Koweït
54%
Oman
51%
Tadjikistan
50%

Distribution des résultats

Percentile par nombre de réponses

% des personnes avec chaque résultat

Votre développement - résultats

Vous n’avez pas pris ce quiz